| 000 | 00925cam a2200361 4500500 | ||
|---|---|---|---|
| 005 | 20260405003535.0 | ||
| 041 | _afre | ||
| 042 | _adc | ||
| 100 | 1 | 0 |
_aSorente, Isabelle _eauthor |
| 245 | 0 | 0 | _aPeut-on être lucide et heureux ? |
| 260 | _c2022. | ||
| 500 | _a4 | ||
| 690 | _aAngoisse | ||
| 690 | _aBonheur | ||
| 690 | _aChloé Delaume | ||
| 690 | _aClotilde Leguil | ||
| 690 | _aCrise | ||
| 690 | _aDésespoir | ||
| 690 | _aDeuil | ||
| 690 | _aEngagement | ||
| 690 | _aJoie | ||
| 690 | _aLucide | ||
| 690 | _alucidité | ||
| 690 | _aMétavers | ||
| 690 | _aMiguel Benasayag | ||
| 690 | _aMort | ||
| 690 | _aRéel | ||
| 690 | _aRésistance | ||
| 690 | _aTragédie | ||
| 690 | _aViolence | ||
| 786 | 0 | _nPhilosophie magazine | 161 | 8 | 2022-07-01 | p. 23-23 | 1951-1787 | |
| 856 | 4 | 1 | _uhttps://shs.cairn.info/magazine-philosophie-magazine-2022-8-page-23?lang=fr&redirect-ssocas=7080 |
| 999 |
_c2068521 _d2068521 |
||